Paralegal employment : (Record no. 19613)
[ view plain ]
| 000 -LEADER | |
|---|---|
| fixed length control field | 00629nam a22001697a 4500 |
| 008 - FIXED-LENGTH DATA ELEMENTS--GENERAL INFORMATION | |
| fixed length control field | 240312b ||||| |||| 00| 0 eng d |
| 020 ## - INTERNATIONAL STANDARD BOOK NUMBER | |
| International Standard Book Number | 9780314593542 |
| 082 ## - DEWEY DECIMAL CLASSIFICATION NUMBER | |
| Classification number | DC 340.02373 |
| Item number | St297 1988 |
| 100 ## - MAIN ENTRY--PERSONAL NAME | |
| Personal name | Statsky, William P. |
| 9 (RLIN) | 54386 |
| 245 ## - TITLE STATEMENT | |
| Title | Paralegal employment : |
| Remainder of title | facts and strategies for the 1990s / |
| Statement of responsibility, etc. | William P. Statsky. |
| 260 ## - PUBLICATION, DISTRIBUTION, ETC. (IMPRINT) | |
| Place of publication, distribution, etc. | St. Paul : |
| Name of publisher, distributor, etc. | West Publishing Company, |
| Date of publication, distribution, etc. | ©1988. |
| 300 ## - PHYSICAL DESCRIPTION | |
| Extent | 170 pages : |
| Other physical details | illustrations ; |
| Dimensions | 23 cm. |
| 500 ## - GENERAL NOTE | |
| General note | Includes index. |
| 650 ## - SUBJECT ADDED ENTRY--TOPICAL TERM | |
| Topical term or geographic name as entry element | Legal assistants |
| General subdivision | Vocational guidance. |
| Geographic subdivision | United States. |
| 9 (RLIN) | 54616 |
| 650 ## - SUBJECT ADDED ENTRY--TOPICAL TERM | |
| Topical term or geographic name as entry element | Legal assistants |
| Geographic subdivision | United States. |
| 9 (RLIN) | 54617 |
| 942 ## - ADDED ENTRY ELEMENTS (KOHA) | |
| Source of classification or shelving scheme | Dewey Decimal Classification |
| Koha item type | Circulation |
| Withdrawn status | Lost status | Source of classification or shelving scheme | Damaged status | Not for loan | Collection code | Home library | Current library | Date acquired | Total Checkouts | Full call number | Barcode | Date last seen | Price effective from | Koha item type |
|---|---|---|---|---|---|---|---|---|---|---|---|---|---|---|
| Dewey Decimal Classification | Circulation | UM Digos College - LIC | UM Digos College - LIC | 02/27/1994 | DC 340.0233 St2 1988 | 11257 | 05/15/2025 | 03/12/2024 | Circulation |
